000 00748cam a22002533a 4500
001 17388
003 PGUSA
005 20140828083354.0
008 051225s2005||||xxu|||||s|||||000 | eng d
040 _aPGUSA
_beng
042 _adc
050 4 _aPR
100 1 _aBirrell, Augustine,
_d1850-1933
245 1 0 _aAndrew Marvell
_h[electronic resource] /
_cAugustine Birrell
260 _bProject Gutenberg,
_c2005
506 _aPublic domain in the USA.
516 _aElectronic text
653 _aAuthors, English -- Early modern, 1500-1700 -- Biography
653 _aMarvell, Andrew, 1621-1678
700 1 _aMorley, John,
_d1838-1923
830 0 _aProject Gutenberg
_v17388
856 4 0 _uhttp://www.gutenberg.org/ebooks/17388
942 _cEB
999 _c246643
_d246643